000 00455nam a2200169 a 4500
001 0000-9100
003 ELIB.Books
008 110520 0000
035 _a(ELIB.Books)0000-9249
082 _a261.8
_bCli
100 _aClinebell, Howard J.
245 _aUnderstanding And Counseling The Alcoholic
260 _bNew York: Abingdon Press
_c0
650 _aChristianity And Problem
942 _2ddc
_cBK
998 _cbat
_e2011-05-20
999 _c9100
_d9100